000 00471nam a2200169 a 4500
005 20140412111237.0
008 001113s19uu xx 00 eng d
020 _a0-8167-2125-4
050 _aM 531
_bAl467 1991
100 _aAlthea
245 _aWhat makes things move? /
_cby Althea ; illustrated by Robina Green.
260 _aMahwah, NJ :
_bTroll Associates,
_c1991.
300 _a31 p ; ill.
650 _aMotion
650 _aForce and energy
999 _c102501
_d102501